| 000 | 01196nam a2200313 i 4500 | ||
|---|---|---|---|
| 001 | bg | ||
| 003 | KOSZ 005 | ||
| 005 | 20190820135726.0 | ||
| 008 | 080123s1966 pl a f 000 0 pol | ||
| 015 | _aPB 1966/6205 | ||
| 040 |
_aWA N _cKOSZ 005/RW _dKOSZ 005/RW |
||
| 041 | 1 |
_apol _hger |
|
| 080 | _a691 | ||
| 080 | _a666.97/.98 | ||
| 100 | 1 | _aDanilov, Nikolaj Nikolaevič. | |
| 245 | 1 | 0 |
_aZmechanizowana produkcja prefabrykatów betonowych i żelbetowych / _cNikołaj N. Daniłow ; tł. Jerzy Łempicki. |
| 246 | 1 |
_iTyt. oryg.: _aMechanisierte Herstellung von Beton- und Stahlbetonfertigteilen. |
|
| 260 |
_aWarszawa : _bArkady, _c1966. |
||
| 300 |
_a366, [1] s., [3] k. tabl. : _bil. ; _c25 cm. |
||
| 380 | _aKsiążki. | ||
| 521 | 8 | _aDla słuchaczy wyższych szkół technicznych oraz dla inżynierów i techników. | |
| 658 | _aArchitektura i budownictwo | ||
| 650 | 4 | _aPrefabrykaty | |
| 650 | 4 | _aMateriały budowlane | |
| 700 | 1 |
_aŁempicki, Jerzy _d(1923-2005). _eTłumaczenie |
|
| 710 | 2 |
_aWydawnictwo "Arkady". _4pbl. |
|
| 856 |
_uhttp://koha.tu.koszalin.pl/cgi-bin/koha/opac-detail.pl?biblionumber=10671 _yKatalog online BPK |
||
| 942 |
_2UKD _cKS |
||
| 999 |
_c10671 _d10671 |
||